000 01046nmm a2200325 a 4500
001 ocm0001132613
003 TR-IsHL
005 20201028152301.0
008 150709s2015 tu tur
007 cr cn
020 _a9786059905084
035 _a1132613
_b(N$T)
050 0 4 _aHF5386
_b.K37 2015
090 0 4 _aHF5386
_b.K37 2015
100 1 _aKarasu, Ercan
245 1 0 _aİşin içinde iş var!: iş hayatından kesitler
_h[electronic resource] /
_cErcan Karasu
260 _aİstanbul :
_bHümanist Kitap Yayıncılık,
_c2015
300 _a169 p.
500 _aKaynakça var.
_x
650 4 _aİşletme ve Yönetim
650 4 _aBusiness and Management
650 0 _aİş hayatı
650 0 _aİş ilişkileri
650 0 _aİş hayatı
_x Başarı
650 0 _aWorking life
650 0 _aSuccess in business
650 0 _aBusiness connection
650 7 _aBUSINESS & ECONOMICS / Personal Success
_2bisacsh
856 4 0 _uhttp://search.ebscohost.com/login.aspx?direct=true&scope=site&db=e011xww&AN=1132613
999 _c11448
_d11448